00631nam a22001937a 450000500170000001000150001702000300003203500140006203700130007608200080008924500880009726000500018527000810023530000470031670000180036370000190038170000200040070000170042020210215171347.0 aENG-128982 c299.00a978-93-86473-93-6 aEN-112514 bDBAD/PUB a920 aWhen Two Streams Met: Lessons from India's Freedom Struggle/cBharat Dogra, et. al. aNew DelhibVitasta Publishing Pvt. Ltd.c2020 bNew Delhia2/15, Ansari Roaad, Daryaganje110002minfo@vitastapublishing.com a134p.c21cm(pbk)bIncluding Illustrations. aDogra, Bharat aBharti, Reshma aSingh, Jagmohan aDogra, Madhu